000 01415cam a2200169 4500500
005 20260405012314.0
041 _afre
042 _adc
100 1 0 _aBruel, Xavier
_eauthor
700 1 0 _aGiraud, Paul-Henri
_eauthor
700 1 0 _aGuillaume-Alonso, Araceli
_eauthor
700 1 0 _aJouishomme, Christine
_eauthor
245 0 0 _aLe Travail du visible : Claude Esteban et les arts plastiques
260 _bHermann,
_c2014.
520 _aConsacrer un ouvrage aux nombreux écrits esthétiques de Claude Esteban, c'est envisager non seulement le regard d'un grand poète sur l'art, la singularité de son approche, mais aussi le sens que revêt l'écriture sur l'art dans son œuvre de poète. Or, la peinture et la sculpture, qu'il s'agisse des œuvres de ses contemporains ou de celles des peintres anciens, ont été pour Claude Esteban, dès l'origine de son œuvre, la source d'une révélation poétique essentielle. Il écrivait en 1992 : "Il se peut que les images disposent de pouvoirs dont nous ne savons rien, mais qui s'activent en nous, qui nous déterminent, alors que nous pensions déchiffrer de simples figures. Il se peut que les images participent d'une respiration plus vaste, qu'elles soient, en vérité, par-delà toutes nos raisons, comme le travail incessant du visible."
856 4 1 _uhttps://shs.cairn.info/le-travail-du-visible--9782705683641?lang=fr&redirect-ssocas=7080
999 _c2101510
_d2101510